header

Elgg 1.8 social networking (Record no. 234503)

MARC details
000 -LEADER
fixed length control field 01406nam a2200349 a 4500
100 1# - MAIN ENTRY--AUTHOR NAME
Personal name Costello, Cash.
245 10 - TITLE STATEMENT
Title Elgg 1.8 social networking
250 ## - EDITION STATEMENT
Edition statement 2nd ed.
260 ## - PUBLICATION, DISTRIBUTION, ETC. (IMPRINT)
Place of publication Birmingham, U.K. :
Name of publisher Packt Pub.,
Year of publication 2012.
300 ## - PHYSICAL DESCRIPTION
Number of Pages xiii, 354 p. :
Other physical details col. ill.
490 1# - SERIES STATEMENT
Series statement Open source : community experience distilled
500 ## - GENERAL NOTE
General note Includes index.
650 #0 - SUBJECT ADDED ENTRY--TOPICAL TERM
Topical Term Application software
Topical Term Online social networks
Topical Term Open source software.
700 1# - ADDED ENTRY--PERSONAL NAME
Personal name Sharma, Mayank.
856 40 - ELECTRONIC LOCATION AND ACCESS
Uniform Resource Identifier http://site.ebrary.com/lib/rucke/Doc?id=10532058

No items available.

© 2026 Rongo University
Contact us: librarian | system librarian | Rongo university